00274nam a2200121Ia 45000030006000000080041000060400015000471000016000622450021000782600024000995460012001230050017001350STCL150530s9999 xx 000 0 und d aSTCLcSTCL aCurrey John aAnimals skeltons bEdward Arnoldc1970 aEnglish20220125170457.0